000 01269nab a2200229 i 4500
001 BPP
003 BPK
005 20140909130900.0
008 140909s2011 pl n f |000 0pol
040 _cBPK
080 _a664
080 _a648.1/.2
100 _aMIERZEJEWSKA, Sylwia.
_d2005 - .
_bPolitechnika Koszalińska - Wydział Mechaniczny,
_cKatedra Procesów i Urządzeń Przemysłu Spożywczego
245 _aWpływ czynników mechanicznych na skuteczność mycia rurociągu metodą CIP =
_bInfluence of mechanical factors on the cleaning offectiveness on the pipeline in CIP method /
_cSylwia Mierzejewska, Jarosław Diakun.
260 _c2011.
500 _aDane z autopsji.
520 _aPrzedstawiono prezentację uzyskanych wyników pracy badawczej dotyczącej wpływu czynników hydromechanicznych na skuteczność usuwania osadów w procesie mycia instalacji w systemie CIP w branży mleczarskiej.
650 0 _aRurociągi.
700 _aDIAKUN, Jarosław.
_d1996 - .
_bPolitechnika Koszalińska - Wydział Mechaniczny,
_cKatedra Procesów i Urządzeń Przemysłu Spożywczego
773 _iW :
_tPostępy Techniki Przetwórstwa Spożywczego = Technological Progress in Food Processing. -
_gT. 22/40, 2012, nr 1, s. 66-69
942 _cART
_2UKD
999 _c5974
_d5974